000
00326nam a2200133Ia 4500
005
20251222152634.0
008
251222s9999||||xx |||||||||||||| ||spa||
020
_a
8479146753
082
_a
271/V27
100
_a
Valverde, Carlos
245
0
_a
Génesis Estructura y Crisis de la Modernidad
264
_b
B.A.C
942
_c
LIB
999
_c
27846
_d
27846